[Event "Mislata op 56th"]
[Site "Mislata"]
[Date "2023.08.17"]
[Round "5"]
[White "Garrido Olivares, Ricard"]
[Black "Davtyan, David"]
[Result "0-1"]
[WhiteElo "2195"]
[BlackElo "2344"]
[PlyCount "52"]
[EventDate "2023.08.14"]
[EventType "swiss"]
[EventRounds "9"]
[EventCountry "ESP"]
[SourceTitle "CBM 215 Extra"]
[Source "ChessBase"]
[SourceDate "2023.09.30"]
[SourceVersion "1"]
[SourceVersionDate "2023.09.30"]
[SourceQuality "1"]

1. Nf3 Nf6 2. e3 c5 3. d4 e6 4. dxc5 Bxc5 5. c4 b6 6. Be2 Bb7 7. 0-0 0-0 8. b3 d5 9. cxd5 Nxd5 10. Bb2 Qe7 11. Nc3 Rd8 12. Nxd5 Bxd5 13. Qc2 Nd7 14. e4 Bb7 15. Bd3 Rac8 16. Qe2 Ba3 17. Rfe1 Bxb2 18. Qxb2 Nc5 19. Bc2 Qc7 20. Qe5 Na4 21. Qh5 Qe7 22. bxa4 Rxc2 23. Re3 h6 24. Rae1 Rxa2 25. Ne5 Rxa4 26. h4 Ra5 0-1

[Event "Mislata op 56th"]
[Site "Mislata"]
[Date "2023.08.16"]
[Round "4"]
[White "Sanz Mora, Adrian"]
[Black "Garrido Olivares, Ricard"]
[Result "0-1"]
[WhiteElo "1546"]
[BlackElo "2195"]
[PlyCount "42"]
[EventDate "2023.08.14"]
[EventType "swiss"]
[EventRounds "9"]
[EventCountry "ESP"]
[SourceTitle "CBM 215 Extra"]
[Source "ChessBase"]
[SourceDate "2023.09.30"]
[SourceVersion "1"]
[SourceVersionDate "2023.09.30"]
[SourceQuality "1"]

1. d4 d5 2. c4 e6 3. Nf3 Nf6 4. Qc2 Nbd7 5. e3 Be7 6. Nc3 0-0 7. Bd3 dxc4 8. Bxc4 a6 9. e4 b5 10. Bd3 h6 11. a3 c5 12. d5 c4 13. Be2 exd5 14. e5 d4 15. exf6 Nxf6 16. Nxd4 Qxd4 17. Be3 Qe5 18. Rd1 Bb7 19. 0-0 Bd6 20. g3 Bc5 21. Bf4 Qe6 0-1

[Event "Madrid-chT Honor 2223"]
[Site "Madrid"]
[Date "2023.02.19"]
[Round "10.3"]
[White "Martin Duque, Jesus"]
[Black "Garrido Olivares, Ricard"]
[Result "1/2-1/2"]
[WhiteElo "2379"]
[BlackElo "2186"]
[PlyCount "75"]
[EventDate "2022.11.20"]
[EventType "team-tourn"]
[EventRounds "14"]
[EventCountry "ESP"]
[SourceTitle "EXT 2024"]
[Source "ChessBase"]
[SourceDate "2023.10.10"]
[SourceVersion "1"]
[SourceVersionDate "2023.10.10"]
[SourceQuality "1"]
[WhiteTeam "Collado Villalba"]
[BlackTeam "San Fernando de Henares"]
[WhiteTeamCountry "ESP"]
[BlackTeamCountry "ESP"]

1. Nf3 d5 2. b3 Nf6 3. Bb2 e6 4. e3 Be7 5. c4 0-0 6. Nc3 c5 7. cxd5 Nxd5 8. Qc2 Nc6 9. h4 Nxc3 10. dxc3 Bf6 11. Bd3 g6 12. h5 Qe7 13. 0-0-0 e5 14. Be4 Bg4 15. Rdg1 Rfc8 16. Nd2 Bg7 17. Kb1 b5 18. f3 Be6 19. g4 c4 20. Bf5 cxb3 21. axb3 Nb4 22. Qe4 Nd5 23. Bxe6 Qxe6 24. hxg6 hxg6 25. Rc1 a5 26. c4 bxc4 27. Nxc4 Nb6 28. Rhd1 Nxc4 29. Rxc4 Rcb8 30. Rd3 Ra6 31. g5 Rab6 32. Kc2 Qh3 33. f4 Qh2+ 34. Rd2 Qg1 35. Rd1 Qf2+ 36. Rd2 Qg1 37. Rd1 Qf2+ 38. Rd2 1/2-1/2

[Event "Madrid-chT Honor 2223"]
[Site "Madrid"]
[Date "2023.01.28"]
[Round "7.4"]
[White "Garrido Olivares, Ricard"]
[Black "Lang, Zalan Andreas"]
[Result "0-1"]
[WhiteElo "2186"]
[BlackElo "2218"]
[PlyCount "80"]
[EventDate "2022.11.20"]
[EventType "team-tourn"]
[EventRounds "14"]
[EventCountry "ESP"]
[SourceTitle "EXT 2024"]
[Source "ChessBase"]
[SourceDate "2023.10.10"]
[SourceVersion "1"]
[SourceVersionDate "2023.10.10"]
[SourceQuality "1"]
[WhiteTeam "San Fernando de Henares"]
[BlackTeam "Blanco y Negro"]
[WhiteTeamCountry "ESP"]
[BlackTeamCountry "ESP"]

1. Nf3 Nf6 2. e3 c5 3. d4 g6 4. dxc5 Qa5+ 5. Nbd2 Qxc5 6. a3 Bg7 7. b4 Qc7 8. Bb2 0-0 9. c4 b6 10. Be2 Bb7 11. 0-0 d6 12. Rc1 Nbd7 13. Qb3 Rac8 14. Rfd1 Rfd8 15. Ne1 Ne5 16. Ndf3 Nxf3+ 17. Bxf3 a6 18. Bxb7 Qxb7 19. Nd3 Rc7 20. Nf4 Rcd7 21. Qa2 b5 22. Qa1 bxc4 23. Rxc4 e5 24. Ne2 Nd5 25. Rc2 Nb6 26. Rcd2 Qc6 27. Rc1 Qa4 28. Qa2 d5 29. Rc5 Rd6 30. Ra5 Qd7 31. Rxa6 Qb7 32. b5 Nc4 33. Rxd6 Rxd6 34. Rd1 Qxb5 35. Bc1 d4 36. exd4 exd4 37. Qc2 h6 38. Nf4 Ne5 39. Bb2 Rc6 40. Qb1 Rb6 0-1

[Event "Madrid-chT 1819"]
[Site "Madrid"]
[Date "2019.02.10"]
[Round "9.3"]
[White "Cabrera Trujillo, Jorge Juan"]
[Black "Garrido Olivares, Ricard"]
[Result "1/2-1/2"]
[WhiteElo "2322"]
[BlackElo "2165"]
[PlyCount "115"]
[EventDate "2018.11.17"]
[EventType "team-tourn"]
[EventRounds "14"]
[EventCountry "ESP"]
[SourceTitle "CBM 189 Extra"]
[Source "ChessBase"]
[SourceDate "2019.06.03"]
[SourceVersion "1"]
[SourceVersionDate "2019.06.03"]
[SourceQuality "1"]
[WhiteTeam "Virgen de Atocha"]
[BlackTeam "San Fernando de Henares"]
[WhiteTeamCountry "ESP"]
[BlackTeamCountry "ESP"]

1. Nf3 d5 2. g3 Nf6 3. Bg2 e6 4. c4 dxc4 5. Qc2 c5 6. Na3 Nc6 7. Nxc4 Be7 8. d3 0-0 9. 0-0 Bd7 10. Nfe5 Rc8 11. b3 Nd5 12. Bb2 Qc7 13. Rac1 Rfd8 14. a3 Be8 15. e3 Bf6 16. Nxc6 Bxc6 17. e4 Nb6 18. Bxf6 gxf6 19. Ne3 Bb5 20. Rfd1 Qe7 21. Qc3 Ba6 22. a4 Rb8 23. Ng4 Nd7 24. e5 fxe5 25. Nxe5 Nxe5 26. Qxe5 Rbc8 27. d4 cxd4 28. Rxc8 Rxc8 29. Qxd4 b6 30. h4 Rc7 31. h5 h6 32. Qf4 Kg7 33. Qe5+ f6 34. Qe4 Qf7 35. Qg4+ Kh7 36. Rd6 f5 37. Qf4 Rd7 38. Bc6 Re7 39. Bf3 Bb7 40. Bxb7 Rxb7 41. Qe5 Re7 42. Rd8 Qg7 43. Qd6 Qf7 44. Kg2 Qg7 45. Qf4 Rd7 46. Re8 Re7 47. Ra8 Rc7 48. Re8 Re7 49. Rc8 Rd7 50. Rc6 Re7 51. Qb8 Qd4 52. Rc8 Qe4+ 53. Kg1 Qe1+ 54. Kg2 Qe4+ 55. f3 Qe2+ 56. Kh3 Qf1+ 57. Kh2 Qf2+ 58. Kh3 1/2-1/2

[Event "Madrid-chT 1819"]
[Site "Madrid"]
[Date "2019.02.02"]
[Round "8.3"]
[White "Garrido Olivares, Ricard"]
[Black "Moreno Ruiz, Javier"]
[Result "0-1"]
[WhiteElo "2165"]
[BlackElo "2461"]
[PlyCount "60"]
[EventDate "2018.11.17"]
[EventType "team-tourn"]
[EventRounds "14"]
[EventCountry "ESP"]
[SourceTitle "CBM 189 Extra"]
[Source "ChessBase"]
[SourceDate "2019.06.03"]
[SourceVersion "1"]
[SourceVersionDate "2019.06.03"]
[SourceQuality "1"]
[WhiteTeam "San Fernando de Henares"]
[BlackTeam "Collado Villalba"]
[WhiteTeamCountry "ESP"]
[BlackTeamCountry "ESP"]

1. Nf3 Nf6 2. c4 g6 3. d4 Bg7 4. e3 0-0 5. Be2 c5 6. d5 e6 7. Nc3 exd5 8. cxd5 d6 9. 0-0 Bg4 10. h3 Bxf3 11. Bxf3 Nbd7 12. Be2 Re8 13. Qc2 a6 14. a4 Rc8 15. a5 c4 16. Ra4 Rc5 17. Bxc4 b5 18. axb6 Nxb6 19. Qd3 Nfd7 20. Bb3 Nxa4 21. Nxa4 Rb5 22. f4 Nf6 23. Bc4 Rb8 24. b3 Ne4 25. Bxa6 Qa5 26. Bc4 f5 27. Rd1 h5 28. Bd2 Nxd2 29. Rxd2 Qa7 30. Re2 Rxe3 0-1

[Event "Madrid-chT 1819"]
[Site "Madrid"]
[Date "2018.12.15"]
[Round "4.3"]
[White "Sanchez Gonzalez, Sergio"]
[Black "Garrido Olivares, Ricard"]
[Result "1/2-1/2"]
[WhiteElo "2288"]
[BlackElo "2165"]
[PlyCount "84"]
[EventDate "2018.11.17"]
[EventType "team-tourn"]
[EventRounds "14"]
[EventCountry "ESP"]
[SourceTitle "CBM 189 Extra"]
[Source "ChessBase"]
[SourceDate "2019.06.03"]
[SourceVersion "1"]
[SourceVersionDate "2019.06.03"]
[SourceQuality "1"]
[WhiteTeam "Liberty Chess"]
[BlackTeam "San Fernando de Henares"]
[WhiteTeamCountry "ESP"]
[BlackTeamCountry "ESP"]

1. Nf3 d5 2. g3 Nf6 3. Bg2 e6 4. 0-0 c5 5. d4 cxd4 6. Nxd4 e5 7. Nb3 Be6 8. Bg5 Nbd7 9. Nc3 Be7 10. e3 0-0 11. f4 exf4 12. gxf4 g6 13. Qd4 Qb6 14. Rad1 Rfe8 15. a4 Rac8 16. a5 Qxd4 17. Rxd4 Nc5 18. Nxd5 Nxd5 19. Bxd5 Nxb3 20. cxb3 Bc5 21. Bxe6 Bxd4 22. Bxc8 Bxe3+ 23. Kg2 Rxc8 24. Bf6 Bd2 25. Rd1 Bxa5 26. Rd7 Bb6 27. Rxb7 Kf8 28. Kf3 Ke8 29. Re7+ Kf8 30. Re4 Rc6 31. Bc3 Re6 32. Rc4 Ke7 33. Bd4 Bxd4 34. Rxd4 Rb6 35. b4 Ke6 36. Ke4 f6 37. Rc4 Kd6 38. Rd4+ Ke6 39. Rc4 g5 40. fxg5 fxg5 41. Kf3 h5 42. Rc5 Rxb4 1/2-1/2

[Event "Madrid-chT 1819"]
[Site "Madrid"]
[Date "2018.11.17"]
[Round "1.2"]
[White "Garrido Olivares, Ricard"]
[Black "Gascon del Nogal, Jose Rafael"]
[Result "0-1"]
[WhiteElo "2165"]
[BlackElo "2479"]
[PlyCount "88"]
[EventDate "2018.11.17"]
[EventType "team-tourn"]
[EventRounds "14"]
[EventCountry "ESP"]
[SourceTitle "CBM 189 Extra"]
[Source "ChessBase"]
[SourceDate "2019.06.03"]
[SourceVersion "1"]
[SourceVersionDate "2019.06.03"]
[SourceQuality "1"]
[WhiteTeam "San Fernando de Henares"]
[BlackTeam "Collado Villalba"]
[WhiteTeamCountry "ESP"]
[BlackTeamCountry "ESP"]

1. Nf3 Nf6 2. e3 g6 3. d4 Bg7 4. c4 0-0 5. Be2 c5 6. d5 d6 7. Nc3 e6 8. 0-0 Re8 9. e4 exd5 10. exd5 Bf5 11. Bd3 Ne4 12. Nxe4 Bxe4 13. Bxe4 Rxe4 14. Qc2 Re8 15. Bf4 Nd7 16. Bxd6 Qf6 17. Bg3 Qxb2 18. Qxb2 Bxb2 19. Rab1 Re2 20. Rfe1 Rxe1+ 21. Nxe1 Bd4 22. Rxb7 Nb6 23. Rb8+ Rxb8 24. Bxb8 a5 25. Nd3 Nxc4 26. Ba7 Kf8 27. Bxc5+ Bxc5 28. Nxc5 Ke7 29. Kf1 Kd6 30. Ne4+ Kxd5 31. Nf6+ Kd4 32. Nxh7 Kc3 33. Ng5 a4 34. Nxf7 Kb2 35. f4 Kxa2 36. Ne5 Kb3 37. Ke2 a3 38. Nd3 Kc3 39. Nc1 Kc2 40. Na2 Kb1 41. Nb4 Na5 42. Kd2 Nc6 43. Nd5 Kb2 44. Nc3 Nb4 0-1

[Event "Collado Villalba op-A 34th"]
[Site "Collado Villalba"]
[Date "2017.08.24"]
[Round "3"]
[White "Hernando Pertierra, Jose Carlos"]
[Black "Garrido Olivares, Ricard"]
[Result "0-1"]
[WhiteElo "2348"]
[BlackElo "2167"]
[PlyCount "122"]
[EventDate "2017.08.22"]
[EventType "swiss"]
[EventRounds "9"]
[EventCountry "ESP"]
[SourceTitle "CBM 180 Extra"]
[Source "ChessBase"]
[SourceDate "2017.10.06"]
[SourceVersion "1"]
[SourceVersionDate "2017.10.06"]
[SourceQuality "1"]

1. Nf3 d5 2. g3 Bg4 3. Bg2 Nd7 4. c4 e6 5. d4 c6 6. Nbd2 Ngf6 7. 0-0 Be7 8. h3 Bh5 9. b3 0-0 10. g4 Bg6 11. Nh4 a5 12. Nxg6 hxg6 13. e4 dxe4 14. Nxe4 Nxe4 15. Bxe4 Qc7 16. Be3 Rfd8 17. Qc2 Nf6 18. Bg2 Rd7 19. g5 Nh5 20. Qe4 Bd6 21. Bf3 Bf4 22. Bxh5 Bxe3 23. Qxe3 gxh5 24. Rad1 g6 25. Rd3 Rad8 26. Rfd1 Qd6 27. Kg2 Qb4 28. a4 b6 29. Qe5 Qe7 30. f4 Rd6 31. Kg3 R8d7 32. Kf3 Qd8 33. Qe4 Qa8 34. h4 Qd8 35. Ke3 Qc8 36. Qe5 Qd8 37. Qf6 Qa8 38. Qe5 Qd8 39. R1d2 Qc8 40. Ke2 Qd8 41. Qe4 Qa8 42. Kd1 Qd8 43. Kc2 Qa8 44. Kb2 Qd8 45. Qe5 Qa8 46. f5 exf5 47. d5 Qd8 48. Qd4 Re7 49. Re3 Rxe3 50. Qxe3 cxd5 51. Qd4 f6 52. Ka2 fxg5 53. hxg5 Qxg5 54. cxd5 Qf6 55. Qc4 f4 56. Re2 Qf7 57. Re5 f3 58. Re6 f2 59. Rxd6 f1Q 60. Qc8+ Qf8 61. Rd8 Q1f2+ 0-1

[Event "Mislata op 50th"]
[Site "Mislata"]
[Date "2016.08.11"]
[Round "6"]
[White "Garrido Olivares, Ricard"]
[Black "Castella Garcia, Fausto"]
[Result "0-1"]
[WhiteElo "2202"]
[BlackElo "2325"]
[PlyCount "64"]
[EventDate "2016.08.08"]
[EventType "swiss"]
[EventRounds "9"]
[EventCountry "ESP"]
[SourceTitle "CBM 173 Extra"]
[Source "ChessBase"]
[SourceDate "2016.08.29"]
[SourceVersion "1"]
[SourceVersionDate "2016.08.29"]
[SourceQuality "1"]

1. e4 c5 2. Nf3 d6 3. d4 cxd4 4. Nxd4 Nf6 5. Nc3 g6 6. Be2 Bg7 7. 0-0 0-0 8. Bg5 Nc6 9. Nb3 Be6 10. f4 b5 11. Bxb5 Nxe4 12. Bxc6 Qb6+ 13. Kh1 Qxc6 14. Nxe4 Qxe4 15. c3 Qb7 16. Nd4 Bc4 17. Rf2 e5 18. fxe5 dxe5 19. Nf3 h6 20. Qa4 Bb5 21. Qh4 e4 22. Bxh6 exf3 23. Rxf3 f6 24. Bxg7 Kxg7 25. Rg3 Rae8 26. Qh5 Bd3 27. Qg4 Be4 28. Rd1 Re7 29. h4 Qc8 30. Qf4 Qf5 31. Qd6 Rfe8 32. c4 Qh5 0-1

[Event "Mislata op 50th"]
[Site "Mislata"]
[Date "2016.08.11"]
[Round "5"]
[White "Salvador Lopez, Daniel"]
[Black "Garrido Olivares, Ricard"]
[Result "0-1"]
[WhiteElo "2140"]
[BlackElo "2202"]
[PlyCount "76"]
[EventDate "2016.08.08"]
[EventType "swiss"]
[EventRounds "9"]
[EventCountry "ESP"]
[SourceTitle "CBM 173 Extra"]
[Source "ChessBase"]
[SourceDate "2016.08.29"]
[SourceVersion "1"]
[SourceVersionDate "2016.08.29"]
[SourceQuality "1"]

1. e4 e6 2. d4 d5 3. Bd3 dxe4 4. Bxe4 Nf6 5. Bg5 Be7 6. Bf3 c5 7. Ne2 Nc6 8. c3 Qb6 9. Bxc6+ Qxc6 10. 0-0 h6 11. Bh4 b6 12. f3 Bb7 13. dxc5 bxc5 14. Na3 Ba6 15. c4 0-0 16. Nc3 Bb7 17. Qe2 g5 18. Bf2 Nh5 19. Ne4 f5 20. Nc3 Bf6 21. Rfd1 g4 22. Qd2 gxf3 23. Qxh6 Ng7 24. g3 Kf7 25. Nab5 Be7 26. Qf4 Ne8 27. Re1 a6 28. Na3 Nf6 29. Nc2 Bd6 30. Qe3 Rae8 31. Rad1 f4 32. Qd3 Bc7 33. g4 Rg8 34. h3 Rh8 35. b4 Rxh3 36. Ne4 Nxe4 37. b5 Reh8 38. Qxf3 Rh1+ 0-1

[Event "Mislata op 50th"]
[Site "Mislata"]
[Date "2016.08.09"]
[Round "3"]
[White "Adell Corts, Francisco"]
[Black "Garrido Olivares, Ricard"]
[Result "0-1"]
[WhiteElo "2182"]
[BlackElo "2202"]
[PlyCount "102"]
[EventDate "2016.08.08"]
[EventType "swiss"]
[EventRounds "9"]
[EventCountry "ESP"]
[SourceTitle "CBM 173 Extra"]
[Source "ChessBase"]
[SourceDate "2016.08.29"]
[SourceVersion "1"]
[SourceVersionDate "2016.08.29"]
[SourceQuality "1"]

1. e4 c6 2. d4 d5 3. exd5 cxd5 4. c4 Nf6 5. Nf3 Nc6 6. Nc3 Bg4 7. cxd5 Nxd5 8. Qb3 Bxf3 9. gxf3 e6 10. Qxb7 Nxd4 11. Bb5+ Nxb5 12. Qc6+ Ke7 13. Qxb5 Qd7 14. Nxd5+ Qxd5 15. Qxd5 exd5 16. Be3 Ke6 17. 0-0-0 Bb4 18. Bd4 f6 19. Rhg1 Rhc8+ 20. Kb1 Rc7 21. Rd3 Rd8 22. f4 Rdd7 23. Rgd1 Bc5 24. Be3 Bxe3 25. fxe3 g5 26. Rd4 Rc4 27. f5+ Ke7 28. Rxd5 Rxd5 29. Rxd5 Rh4 30. Ra5 Rxh2 31. Rxa7+ Kd6 32. Rg7 h5 33. a4 Rf2 34. e4 h4 35. e5+ Kxe5 36. a5 h3 37. Rh7 h2 38. Ka2 Rf4 39. Rxh2 Ra4+ 40. Kb3 Rxa5 41. Rf2 Ke4 42. Kc4 Rxf5 43. Rg2 Kf3 44. Rg1 Kf2 45. Rb1 g4 46. b4 g3 47. b5 g2 48. b6 Rg5 49. b7 Rg8 50. Rb2+ Kf3 51. Rb3+ Ke4 0-1

[Event "Madrid-chT 1415"]
[Site "Madrid"]
[Date "2015.03.08"]
[Round "13.4"]
[White "Garrido Olivares, Ricard"]
[Black "Plazuelo Pascual, Juan"]
[Result "0-1"]
[WhiteElo "2181"]
[BlackElo "2122"]
[PlyCount "174"]
[EventDate "2014.11.23"]
[EventType "team-tourn"]
[EventRounds "14"]
[EventCountry "ESP"]
[SourceTitle "EXT 2016"]
[Source "ChessBase"]
[SourceDate "2015.10.08"]
[SourceVersion "1"]
[SourceVersionDate "2015.10.08"]
[SourceQuality "1"]
[WhiteTeam "Blanco y Negro"]
[BlackTeam "Virgen de Atocha"]
[WhiteTeamCountry "ESP"]
[BlackTeamCountry "ESP"]

1. c4 e5 2. g3 Nc6 3. Nc3 Bc5 4. Bg2 d6 5. e3 a6 6. Nge2 Ba7 7. d4 Nge7 8. dxe5 Nxe5 9. h3 0-0 10. b3 Rb8 11. a4 Bf5 12. e4 Bd7 13. Nd5 Nxd5 14. exd5 Qf6 15. Be3 Nf3+ 16. Bxf3 Qxf3 17. Kd2 Bxe3+ 18. fxe3 Rfe8 19. Qg1 b5 20. Rf1 Qe4 21. Nc3 Qg6 22. cxb5 axb5 23. Rf4 bxa4 24. b4 c5 25. dxc6 Bxc6 26. Rh2 Be4 27. b5 d5 28. Rhf2 Re7 29. Qa1 Bc2 30. Qf1 Bb3 31. Qd3 Qxg3 32. R4f3 Qg6 33. Rf5 Rd7 34. Nxd5 Bxd5 35. Rxd5 Qxd3+ 36. Rxd3 Rxd3+ 37. Kxd3 Rxb5 38. Rc2 g6 39. Rc8+ Kg7 40. Ra8 Rh5 41. Rxa4 Rxh3 42. Ke2 Rg3 43. Kf2 Rg5 44. Kf3 h5 45. Rb4 Rf5+ 46. Kg3 Re5 47. Kf3 Kh6 48. Rb7 f5 49. Rb8 Kg5 50. Rc8 Re4 51. Rg8 h4 52. Rh8 Rg4 53. Kf2 Rg3 54. Ra8 Kf6 55. Ra6+ Kg7 56. Ra5 Rg5 57. e4 Kf6 58. Ra6+ Ke5 59. exf5 Kxf5 60. Ra4 Rg4 61. Ra5+ Kf6 62. Ra8 Rf4+ 63. Kg2 g5 64. Kh3 Rf3+ 65. Kg2 Rg3+ 66. Kh2 Kf5 67. Ra5+ Kg4 68. Ra4+ Kh5 69. Rb4 Rf3 70. Ra4 Rf4 71. Ra2 Rf5 72. Ra4 g4 73. Kg2 Rb5 74. Ra2 h3+ 75. Kh2 Kh4 76. Ra4 Rb2+ 77. Kg1 Re2 78. Rb4 Kg3 79. Rb3+ Kf4 80. Ra3 g3 81. Ra4+ Kf3 82. Ra3+ Re3 83. Ra1 g2 84. Kh2 Kf2 85. Ra2+ Re2 86. Ra1 Re1 87. Ra2+ Kf1 0-1

[Event "Madrid-chT 1415"]
[Site "Madrid"]
[Date "2015.02.15"]
[Round "10.1"]
[White "Gutierrez Castillo, Oscar"]
[Black "Garrido Olivares, Ricard"]
[Result "0-1"]
[WhiteElo "2165"]
[BlackElo "2181"]
[PlyCount "113"]
[EventDate "2014.11.23"]
[EventType "team-tourn"]
[EventRounds "14"]
[EventCountry "ESP"]
[SourceTitle "EXT 2016"]
[Source "ChessBase"]
[SourceDate "2015.10.08"]
[SourceVersion "1"]
[SourceVersionDate "2015.10.08"]
[SourceQuality "1"]
[WhiteTeam "Villalba 64"]
[BlackTeam "Blanco y Negro"]
[WhiteTeamCountry "ESP"]
[BlackTeamCountry "ESP"]

1. e4 c6 2. d4 d5 3. Nc3 dxe4 4. Nxe4 Bf5 5. Ng3 Bg6 6. h4 h6 7. Nh3 Nf6 8. Nf4 Bh7 9. Bc4 e6 10. 0-0 Bd6 11. Re1 0-0 12. c3 Nbd7 13. Ngh5 Nb6 14. Bd3 Nbd5 15. g3 Nxf4 16. Bxf4 Nxh5 17. Bxh7+ Kxh7 18. Bxd6 Qxd6 19. Qxh5 Rad8 20. Qa5 Qb8 21. Re5 Rd5 22. Rxd5 cxd5 23. Re1 Rc8 24. Re3 Rc6 25. Rf3 Kg8 26. Qa3 Qc7 27. b3 Ra6 28. Qb2 b5 29. Qe2 Rb6 30. Re3 a6 31. Qd3 Rc6 32. Kg2 Qa5 33. Qc2 Qb6 34. Qd2 a5 35. Qd3 b4 36. c4 dxc4 37. bxc4 Qa6 38. d5 Rxc4 39. dxe6 Qc6+ 40. Kh2 fxe6 41. Qd8+ Kh7 42. Qd3+ Kg8 43. Qd8+ Kh7 44. Qd2 g6 45. Rf3 Kg7 46. Qe3 Rc5 47. Qf4 Rf5 48. Qd4+ e5 49. Qa7+ Kf6 50. Rxf5+ Kxf5 51. Qxa5 Qe4 52. Qa7 Kg4 53. Qd7+ Kf3 54. Qf7+ Ke2 55. Qf6 h5 56. f3 Qc2 57. Kh3 0-1

[Event "Madrid-chT 1415"]
[Site "Madrid"]
[Date "2014.12.14"]
[Round "3.1"]
[White "Garrido Olivares, Ricard"]
[Black "Cabanas Jimenez, Manuel"]
[Result "1-0"]
[WhiteElo "2181"]
[BlackElo "2127"]
[PlyCount "67"]
[EventDate "2014.11.23"]
[EventType "team-tourn"]
[EventRounds "14"]
[EventCountry "ESP"]
[SourceTitle "EXT 2016"]
[Source "ChessBase"]
[SourceDate "2015.10.08"]
[SourceVersion "1"]
[SourceVersionDate "2015.10.08"]
[SourceQuality "1"]
[WhiteTeam "Blanco y Negro"]
[BlackTeam "Villalba 64"]
[WhiteTeamCountry "ESP"]
[BlackTeamCountry "ESP"]

1. c4 Nf6 2. g3 g6 3. Nc3 d5 4. cxd5 Nxd5 5. Bg2 Nxc3 6. bxc3 Bg7 7. Rb1 c6 8. Qc2 Qa5 9. Nf3 Nd7 10. 0-0 0-0 11. d4 Qa6 12. e4 Nb6 13. Re1 Be6 14. d5 cxd5 15. Ng5 Bd7 16. exd5 h6 17. Ne4 Ba4 18. Qb2 Rac8 19. Be3 Nxd5 20. Nc5 Rxc5 21. Bxc5 Nxc3 22. Qxb7 Qc4 23. Bxe7 Re8 24. Bf1 Qxa2 25. Rb2 Qd5 26. Bg2 Qc4 27. Rb4 Qd3 28. Rxa4 Nxa4 29. Qc6 Rxe7 30. Rxe7 Nc3 31. Bf3 a5 32. Qe8+ Kh7 33. Qxf7 Qd4 34. Re8 1-0

[Event "Mislata op-A 48th"]
[Site "Mislata"]
[Date "2014.08.13"]
[Round "4"]
[White "Diaz Benitez, Ricardo"]
[Black "Garrido Olivares, Ricard"]
[Result "1/2-1/2"]
[WhiteElo "2008"]
[BlackElo "2228"]
[PlyCount "38"]
[EventDate "2014.08.11"]
[EventType "swiss"]
[EventRounds "9"]
[EventCountry "ESP"]
[SourceTitle "CBM 161 Extra"]
[Source "ChessBase"]
[SourceDate "2014.08.29"]
[SourceVersion "1"]
[SourceVersionDate "2014.08.29"]
[SourceQuality "1"]

1. d4 d5 2. Bf4 e6 3. e3 c5 4. c3 Nc6 5. Nf3 Nf6 6. Nbd2 Bd6 7. Bg3 Qe7 8. Ne5 Nd7 9. f4 0-0 10. Bd3 g6 11. 0-0 f6 12. Nxc6 bxc6 13. e4 e5 14. fxe5 fxe5 15. Rxf8+ Qxf8 16. Qa4 Nb6 17. Qxc6 Bd7 18. Qb7 Bc8 19. Qc6 Bd7 1/2-1/2

[Event "Mislata op-A 48th"]
[Site "Mislata"]
[Date "2014.08.11"]
[Round "1"]
[White "Garrido Olivares, Ricard"]
[Black "Nieves Cabanes, Jose Manuel"]
[Result "1/2-1/2"]
[WhiteElo "2228"]
[BlackElo "2091"]
[PlyCount "56"]
[EventDate "2014.08.11"]
[EventType "swiss"]
[EventRounds "9"]
[EventCountry "ESP"]
[SourceTitle "CBM 161 Extra"]
[Source "ChessBase"]
[SourceDate "2014.08.29"]
[SourceVersion "1"]
[SourceVersionDate "2014.08.29"]
[SourceQuality "1"]

1. c4 e5 2. g3 Nc6 3. Nc3 f5 4. Nf3 Nf6 5. d4 e4 6. Nh4 d6 7. Bh3 g6 8. Bg5 Bg7 9. 0-0 0-0 10. Qd2 Qe8 11. f3 exf3 12. exf3 Qf7 13. b3 Nxd4 14. Qxd4 Ne4 15. Qd3 Nxg5 16. Bg2 Qf6 17. Ne2 Ne6 18. f4 Nc5 19. Qc2 Re8 20. Rad1 Bd7 21. Nd4 a5 22. Nhf3 Ne4 23. Qc1 h6 24. Rfe1 a4 25. b4 Qf7 26. Qc2 c6 27. Bf1 Kh7 28. Bd3 d5 1/2-1/2

[Event "Madrid-chT 1314"]
[Site "Madrid"]
[Date "2014.01.25"]
[Round "7.25"]
[White "Unciti Juan, Javier"]
[Black "Garrido Olivares, Ricard"]
[Result "0-1"]
[WhiteElo "2152"]
[BlackElo "2216"]
[PlyCount "98"]
[EventDate "2013.11.16"]
[EventType "team-tourn"]
[EventRounds "14"]
[EventCountry "ESP"]
[SourceTitle "EXT 2015"]
[Source "ChessBase"]
[SourceDate "2014.11.20"]
[SourceVersion "1"]
[SourceVersionDate "2014.11.20"]
[SourceQuality "1"]
[WhiteTeam "La Casa del Ajedrez"]
[BlackTeam "Blanco y Negro"]
[WhiteTeamCountry "ESP"]
[BlackTeamCountry "ESP"]

1. e4 c6 2. d4 d5 3. Nc3 dxe4 4. Nxe4 Bf5 5. Ng3 Bg6 6. h4 h6 7. Nf3 Nd7 8. h5 Bh7 9. Bd3 Bxd3 10. Qxd3 e6 11. Bd2 Ngf6 12. 0-0-0 Be7 13. Ne4 Nxe4 14. Qxe4 Nf6 15. Qe2 Qd5 16. c4 Qe4 17. Qxe4 Nxe4 18. Be3 f5 19. Rhf1 Bg5 20. Nxg5 hxg5 21. f3 Ng3 22. Rfe1 Kf7 23. Bxg5 Nxh5 24. d5 cxd5 25. cxd5 Rac8+ 26. Kb1 exd5 27. Rxd5 Kg6 28. Bd2 Rhd8 29. Rxd8 Rxd8 30. Kc2 Rd7 31. Re5 Nf6 32. b4 Nd5 33. a4 Nb6 34. a5 Rxd2+ 35. Kxd2 Nc4+ 36. Kc3 Nxe5 37. Kd4 Kf6 38. Kd5 Nf7 39. b5 Ke7 40. a6 b6 41. Kc6 Nd6 42. g4 fxg4 43. fxg4 Ke6 44. g5 g6 45. Kc7 Nxb5+ 46. Kb7 Kd7 47. Kb8 Nc7 48. Kxa7 b5 49. Kb6 b4 0-1

[Event "Madrid-chT 1314"]
[Site "Madrid"]
[Date "2013.12.14"]
[Round "4.25"]
[White "Lucas Quintans, Carlos"]
[Black "Garrido Olivares, Ricard"]
[Result "0-1"]
[WhiteElo "1860"]
[BlackElo "2216"]
[PlyCount "70"]
[EventDate "2013.11.16"]
[EventType "team-tourn"]
[EventRounds "14"]
[EventCountry "ESP"]
[SourceTitle "EXT 2015"]
[Source "ChessBase"]
[SourceDate "2014.11.20"]
[SourceVersion "1"]
[SourceVersionDate "2014.11.20"]
[SourceQuality "1"]
[WhiteTeam "San Fernando de Henares"]
[BlackTeam "Blanco y Negro"]
[WhiteTeamCountry "ESP"]
[BlackTeamCountry "ESP"]

1. d4 d5 2. c4 e6 3. Nc3 c5 4. e3 Nf6 5. Nf3 a6 6. b3 cxd4 7. Nxd4 Bb4 8. Bd2 0-0 9. a3 Bd6 10. b4 dxc4 11. Bxc4 b5 12. Bb3 Qe7 13. Qe2 Rd8 14. Nf3 Nc6 15. e4 Nd7 16. Bg5 f6 17. Be3 Bb7 18. Nh4 Kh8 19. Qg4 Nf8 20. 0-0 Ne5 21. Qh3 g5 22. f4 gxh4 23. fxe5 Bxe5 24. Bc5 Qg7 25. Ra2 f5 26. Ne2 Bxe4 27. Nf4 Bxf4 28. Rxf4 Ng6 29. Rxe4 fxe4 30. Qg4 Qc3 31. Qxe4 Qxb3 32. Bd4+ Kg8 33. Rd2 Qd5 34. Qg4 Qf5 35. Qd1 e5 0-1